[Event "San Bernardo Partido de la Costa"]
[Site "San Bernardo"]
[Date "2006.10.??"]
[Round "9"]
[White "Diamant, Andre"]
[Black "Kovalyov, Anton"]
[Result "0-1"]
[WhiteElo "2396"]
[BlackElo "2381"]
[PlyCount "114"]
[GameId "1389603329277952"]
[EventDate "2006.10.21"]
[EventType "tourn"]
[EventRounds "10"]
[EventCountry "ARG"]
[SourceTitle "EXT 2022"]
[Source "ChessBase"]
[SourceDate "2021.10.06"]
[SourceVersion "1"]
[SourceVersionDate "2021.10.06"]
[SourceQuality "1"]

1. e4 c5 2. Nf3 d6 3. d4 cxd4 4. Nxd4 Nf6 5. Nc3 a6 6. g3 e5 7. Nde2 Nbd7 8. Bg2 b5 9. O-O Bb7 10. h3 Be7 11. g4 h6 12. Ng3 g6 13. Be3 Nb6 14. b3 Rc8 15. Qd2 Qc7 16. Nce2 h5 17. g5 Nfd7 18. h4 Qxc2 19. Qa5 Qc7 20. Rac1 Qd8 21. f4 O-O 22. f5 d5 23. Rxc8 Nxc8 24. Qxd8 Bxd8 25. exd5 Bb6 26. Bxb6 Ncxb6 27. Rc1 Rc8 28. Rxc8+ Nxc8 29. Be4 Kg7 30. f6+ Kf8 31. b4 Nd6 32. Nc3 Nb6 33. Bg2 Ke8 34. Nge4 Nxe4 35. Bxe4 Kd7 36. Bg2 Nc4 37. a4 bxa4 38. Nxa4 Kd6 39. Nc5 Bxd5 40. Bxd5 Kxd5 41. Nxa6 Nd6 42. Kf2 Kc4 43. Kf3 Kd4 44. Nc5 Kd5 45. Nd7 Nf5 46. b5 Nd4+ 47. Ke3 Nxb5 48. Nb6+ Ke6 49. Na4 Nd6 50. Nc5+ Kd5 51. Nd7 Nf5+ 52. Kd3 Nxh4 53. Nf8 Kd6 54. Ke4 Nf5 55. Nh7 h4 56. Nf8 h3 57. Kf3 e4+ 0-1

[Event "Avellaneda op"]
[Site "Avellaneda"]
[Date "2007.05.10"]
[Round "2"]
[White "Kovalyov, Anton"]
[Black "Cori, Jorge Moise"]
[Result "1-0"]
[WhiteElo "2483"]
[BlackElo "2213"]
[PlyCount "67"]
[GameId "1166649387933696"]
[EventDate "2007.05.09"]
[EventType "swiss"]
[EventRounds "7"]
[EventCountry "ARG"]
[SourceTitle "CBM 118 Extra"]
[Source "ChessBase"]
[SourceDate "2007.07.04"]
[SourceVersion "1"]
[SourceVersionDate "2007.07.04"]
[SourceQuality "1"]

1. c4 Nf6 2. Nc3 g6 3. e4 Bg7 4. d4 d6 5. Be2 O-O 6. Nf3 e5 7. Be3 Nc6 8. d5 Ne7 9. Nd2 Nd7 10. b4 f5 11. f3 Nf6 12. c5 Bd7 13. Nc4 Nc8 14. O-O f4 15. Bf2 g5 16. Na5 Rb8 17. a3 Be8 18. g4 fxg3 19. hxg3 b6 20. Nc6 Bxc6 21. dxc6 Kh8 22. Rc1 g4 23. fxg4 Bh6 24. Rc2 dxc5 25. Qxd8 Rxd8 26. bxc5 Ne7 27. cxb6 axb6 28. Be1 Kg7 29. Nb5 Rbc8 30. Bb4 Ng6 31. Bc4 Re8 32. Re2 Nh8 33. Rd1 Nf7 34. Rd7 1-0

[Event "Avellaneda op"]
[Site "Avellaneda"]
[Date "2007.05.11"]
[Round "3"]
[White "Mussanti, Diego"]
[Black "Kovalyov, Anton"]
[Result "0-1"]
[WhiteElo "2316"]
[BlackElo "2483"]
[PlyCount "92"]
[GameId "1166649387991040"]
[EventDate "2007.05.09"]
[EventType "swiss"]
[EventRounds "7"]
[EventCountry "ARG"]
[SourceTitle "CBM 118 Extra"]
[Source "ChessBase"]
[SourceDate "2007.07.04"]
[SourceVersion "1"]
[SourceVersionDate "2007.07.04"]
[SourceQuality "1"]

1. e4 c5 2. Nf3 d6 3. d4 cxd4 4. Nxd4 Nf6 5. Nc3 a6 6. Bc4 e6 7. Bb3 b5 8. O-O Be7 9. Qf3 Qb6 10. Be3 Qb7 11. Qg3 b4 12. Na4 Nbd7 13. f3 O-O 14. Rac1 Kh8 15. c4 Nc5 16. Nxc5 dxc5 17. Ne2 Nd7 18. e5 Qc7 19. f4 f5 20. exf6 Nxf6 21. Bc2 Bb7 22. Qh3 Rae8 23. Ng3 Bc8 24. Ne4 h6 25. Nxf6 Rxf6 26. Qh5 Ref8 27. Rf3 Bd6 28. Re1 Bb7 29. Rf2 Kg8 30. Qh3 Bc8 31. Qh5 Bxf4 32. Bxf4 Rxf4 33. Rfe2 Qd6 34. h3 Qd4+ 35. Kh2 Rf2 36. Rxf2 Qxf2 37. Qe2 Bd7 38. Qe4 Qf4+ 39. Qxf4 Rxf4 40. Re5 Rxc4 41. Bb3 Rc1 42. Bxe6+ Bxe6 43. Rxe6 Rc2 44. Rxa6 Rxb2 45. Kg3 Kf7 46. Kf3 Ke7 0-1

[Event "Avellaneda op"]
[Site "Avellaneda"]
[Date "2007.05.12"]
[Round "4"]
[White "Kovalyov, Anton"]
[Black "Mahia, Gustavo"]
[Result "1-0"]
[WhiteElo "2483"]
[BlackElo "2424"]
[PlyCount "89"]
[GameId "1166649388007424"]
[EventDate "2007.05.09"]
[EventType "swiss"]
[EventRounds "7"]
[EventCountry "ARG"]
[SourceTitle "CBM 118 Extra"]
[Source "ChessBase"]
[SourceDate "2007.07.04"]
[SourceVersion "1"]
[SourceVersionDate "2007.07.04"]
[SourceQuality "1"]

1. c4 Nf6 2. Nc3 g6 3. d4 Bg7 4. e4 O-O 5. Be2 d6 6. Nf3 e5 7. Be3 Na6 8. O-O Ng4 9. Bg5 Qe8 10. h3 f6 11. Bc1 Nh6 12. Re1 Nf7 13. Bf1 c6 14. b3 Qe7 15. Bb2 exd4 16. Nxd4 Nc5 17. b4 Ne6 18. Nf5 gxf5 19. exf5 Re8 20. fxe6 Bxe6 21. Nd5 Qd8 22. Nf4 Bf5 23. Rxe8+ Qxe8 24. Nh5 Qe6 25. Nxg7 Kxg7 26. Qd4 a5 27. g4 Bg6 28. f4 Be4 29. a3 axb4 30. axb4 Rxa1 31. Bxa1 h6 32. Kf2 Qe7 33. c5 d5 34. h4 Kg6 35. Bc3 Nd8 36. Bh3 f5 37. gxf5+ Kf7 38. Qg7+ Ke8 39. Qxh6 Nf7 40. Qe6 Qxe6 41. fxe6 Nh6 42. Bf6 Nf5 43. Bg4 d4 44. Bh5+ Kf8 45. Bg6 1-0

[Event "Avellaneda op"]
[Site "Avellaneda"]
[Date "2007.05.13"]
[Round "5"]
[White "Flores, Diego"]
[Black "Kovalyov, Anton"]
[Result "0-1"]
[WhiteElo "2541"]
[BlackElo "2483"]
[PlyCount "120"]
[GameId "1166649388048384"]
[EventDate "2007.05.09"]
[EventType "swiss"]
[EventRounds "7"]
[EventCountry "ARG"]
[SourceTitle "CBM 118 Extra"]
[Source "ChessBase"]
[SourceDate "2007.07.04"]
[SourceVersion "1"]
[SourceVersionDate "2007.07.04"]
[SourceQuality "1"]

1. c4 e5 2. Nc3 Nf6 3. Nf3 Nc6 4. e3 Bb4 5. Qc2 O-O 6. Nd5 Bc5 7. Ng5 g6 8. Nxf6+ Qxf6 9. Ne4 Qe7 10. Nxc5 Qxc5 11. a3 a5 12. Qc3 a4 13. Be2 d6 14. O-O Be6 15. d3 b5 16. cxb5 Qxb5 17. Re1 Qb6 18. Bf3 Ra6 19. Bd2 Na5 20. d4 Nb3 21. dxe5 Nxa1 22. Rxa1 d5 23. Qc2 Rb8 24. Bc3 c5 25. h4 h5 26. Be2 Ra7 27. Bd3 Rc8 28. Qe2 Qd8 29. g3 d4 30. exd4 cxd4 31. Bd2 Qd7 32. Qf3 Bf5 33. Bxf5 Qxf5 34. Qxf5 gxf5 35. Bb4 Rd7 36. Bd6 f6 37. Rd1 fxe5 38. Bxe5 Rd5 39. Bf6 Rc4 40. Kg2 Kf7 41. Bh8 Rd8 42. Be5 Ke6 43. Bg7 Rd7 44. Bh8 d3 45. Bc3 Rd5 46. f3 Rc8 47. Kf2 Rg8 48. Bd2 Kd7 49. Re1 Kc6 50. Bc3 Kb5 51. Rd1 Kc4 52. Rd2 Re8 53. f4 Re4 54. Bf6 Kb3 55. Kf3 Ka2 56. Rd1 d2 57. Bc3 Kb3 58. Rxd2 Rxd2 59. Bxd2 Kxb2 60. Bb4 Rxb4 0-1

[Event "Avellaneda op"]
[Site "Avellaneda"]
[Date "2007.05.14"]
[Round "6"]
[White "Kovalyov, Anton"]
[Black "Lafuente, Pablo"]
[Result "1-0"]
[WhiteElo "2483"]
[BlackElo "2455"]
[PlyCount "175"]
[GameId "1166649388097536"]
[EventDate "2007.05.09"]
[EventType "swiss"]
[EventRounds "7"]
[EventCountry "ARG"]
[SourceTitle "CBM 118 Extra"]
[Source "ChessBase"]
[SourceDate "2007.07.04"]
[SourceVersion "1"]
[SourceVersionDate "2007.07.04"]
[SourceQuality "1"]

1. c4 e6 2. Nc3 Bb4 3. Qb3 Nc6 4. Nf3 Nf6 5. a3 Bxc3 6. Qxc3 d6 7. e3 a5 8. b3 e5 9. d3 O-O 10. Bb2 Re8 11. Be2 Qe7 12. O-O Bg4 13. Rfe1 Qf8 14. Qc2 Rad8 15. Rac1 Bh5 16. Bf1 d5 17. cxd5 Rxd5 18. Nd2 Bg6 19. Qc4 Rb8 20. Ne4 Qd8 21. Nxf6+ gxf6 22. e4 Rd7 23. Qb5 Nd4 24. Bxd4 Rxd4 25. Qxa5 b6 26. Qc3 c5 27. b4 cxb4 28. axb4 b5 29. Qc5 Qf8 30. Rb1 Qxc5 31. bxc5 b4 32. Rb3 Rc8 33. Reb1 f5 34. Rxb4 fxe4 35. Rb8 Rdd8 36. Rxc8 Rxc8 37. dxe4 Rxc5 38. f3 h5 39. h4 Kg7 40. Rb7 Rc2 41. Kh2 Rc3 42. Ra7 Rc5 43. Be2 Kf6 44. Bd1 Rc3 45. Rb7 Rc1 46. Ba4 Kg7 47. Bd7 Rc2 48. Bh3 Rd2 49. Kg1 Rc2 50. Kf1 Kf6 51. Rb6+ Kg7 52. Ke1 Ra2 53. Rd6 Rb2 54. Ra6 Rc2 55. Kf1 Rd2 56. Ra7 Kf6 57. Kg1 Rd1+ 58. Kh2 Rd2 59. Bd7 Rc2 60. Ra6+ Kg7 61. Bc6 Rd2 62. Ra7 Kf6 63. Bd5 Rc2 64. Kh3 Rc3 65. Kh2 Rc2 66. Ra3 Rd2 67. Kh3 Re2 68. Ra1 Rf2 69. Kg3 Rc2 70. Rf1 Rd2 71. Kh3 Re2 72. g4 Re3 73. g5+ Ke7 74. Kg3 Ra3 75. Rb1 Rc3 76. Rb6 Ra3 77. Rf6 Rc3 78. Ra6 Kd7 79. Ra7+ Ke8 80. Rb7 Ra3 81. Bc6+ Kd8 82. Rd7+ Kc8 83. Re7 Re3 84. Bd5 Kd8 85. Rxe5 Kd7 86. Ba2 Ra3 87. Rd5+ Ke7 88. Bb1 1-0

[Event "Figueira da Foz op 4th"]
[Site "Figueira da Foz"]
[Date "2007.10.29"]
[Round "2"]
[White "Kovalyov, Anton"]
[Black "Blalock, Rex E"]
[Result "1-0"]
[WhiteElo "2510"]
[BlackElo "2204"]
[PlyCount "61"]
[GameId "1166650045517824"]
[EventDate "2007.10.28"]
[EventType "swiss"]
[EventRounds "9"]
[EventCountry "POR"]
[SourceTitle "EXT 2008"]
[Source "ChessBase"]
[SourceDate "2007.11.25"]
[SourceVersion "1"]
[SourceVersionDate "2007.11.25"]
[SourceQuality "1"]

1. c4 Nf6 2. Nc3 g6 3. e4 d6 4. d4 Bg7 5. Nf3 O-O 6. Be2 Bg4 7. Be3 Nfd7 8. Qd2 Nc6 9. d5 Bxf3 10. gxf3 Ncb8 11. h4 h5 12. f4 c5 13. Rg1 a6 14. e5 dxe5 15. f5 Kh7 16. Qc2 Kh8 17. Bd3 e4 18. Bxe4 Ne5 19. O-O-O Nxc4 20. fxg6 Nxe3 21. fxe3 Nd7 22. Qe2 Nf6 23. Rdf1 Ng4 24. gxf7 Qb6 25. Rf5 Qh6 26. Kb1 Bf6 27. Rxg4 hxg4 28. Qxg4 Rxf7 29. Rh5 Qxh5 30. Qxh5+ Kg8 31. Bf5 1-0

[Event "Figueira da Foz op 4th"]
[Site "Figueira da Foz"]
[Date "2007.11.01"]
[Round "6"]
[White "Kovalyov, Anton"]
[Black "Dias, Paulo Jorge Guimara"]
[Result "1-0"]
[WhiteElo "2510"]
[BlackElo "2443"]
[PlyCount "105"]
[GameId "1166650045693952"]
[EventDate "2007.10.28"]
[EventType "swiss"]
[EventRounds "9"]
[EventCountry "POR"]
[SourceTitle "EXT 2008"]
[Source "ChessBase"]
[SourceDate "2007.11.25"]
[SourceVersion "1"]
[SourceVersionDate "2007.11.25"]
[SourceQuality "1"]

1. c4 e6 2. Nc3 d5 3. d4 Nf6 4. cxd5 exd5 5. Bg5 Be7 6. e3 c6 7. Qc2 Nbd7 8. Bd3 Nh5 9. Bxe7 Qxe7 10. Nge2 g6 11. h3 Nb6 12. O-O-O Ng7 13. Ng3 Be6 14. Kb1 O-O 15. Ka1 Rac8 16. Na4 Nxa4 17. Qxa4 a6 18. Rc1 c5 19. dxc5 Rxc5 20. Rxc5 Qxc5 21. Ne2 Rc8 22. Qd4 Bf5 23. Qxc5 Rxc5 24. Bxf5 Nxf5 25. Kb1 Kg7 26. Rd1 Kf6 27. Nf4 Ne7 28. b3 g5 29. Ne2 h6 30. Kb2 Ke5 31. Nc3 f5 32. a3 Rc6 33. g3 Rd6 34. Kc2 g4 35. Rh1 Nc6 36. hxg4 fxg4 37. Rh5+ Kf6 38. Rxh6+ Ke7 39. Rh7+ Kd8 40. Ne2 d4 41. exd4 Rf6 42. Rh2 Rf3 43. d5 Ne7 44. Nd4 Rf6 45. Kd3 Nxd5 46. Ke4 Nc3+ 47. Ke5 Rf8 48. Nf5 Re8+ 49. Kf4 Re4+ 50. Kg5 Kc7 51. f3 Re6 52. Rc2 Rc6 53. Kxg4 1-0

[Event "Figueira da Foz op 4th"]
[Site "Figueira da Foz"]
[Date "2007.11.03"]
[Round "8"]
[White "Kovalyov, Anton"]
[Black "Alho, Diogo Henriques"]
[Result "1-0"]
[WhiteElo "2510"]
[BlackElo "2246"]
[PlyCount "55"]
[GameId "1166650045775872"]
[EventDate "2007.10.28"]
[EventType "swiss"]
[EventRounds "9"]
[EventCountry "POR"]
[SourceTitle "EXT 2008"]
[Source "ChessBase"]
[SourceDate "2007.11.25"]
[SourceVersion "1"]
[SourceVersionDate "2007.11.25"]
[SourceQuality "1"]

1. c4 e6 2. Nc3 d5 3. d4 Be7 4. cxd5 exd5 5. Bf4 c6 6. e3 Bf5 7. g4 Bg6 8. h4 h6 9. h5 Bh7 10. Nge2 Nf6 11. f3 Na6 12. Ng3 Nc7 13. Bd3 Ne6 14. Bxh7 Nxh7 15. Nf5 Nxf4 16. exf4 O-O 17. Qd2 Bd6 18. O-O-O Qc7 19. Nxd6 Qxd6 20. g5 Rfe8 21. Rdg1 Nf8 22. f5 Kh8 23. f6 Ne6 24. g6 fxg6 25. f7 Rf8 26. hxg6 Qf4 27. Rg4 Qxd2+ 28. Kxd2 1-0

[Event "Dos Hermanas Internet f 9th"]
[Site "ICC INT"]
[Date "2008.04.04"]
[Round "1.1"]
[White "Sammour Hasbun, Jorge E"]
[Black "Kovalyov, Anton"]
[Result "1-0"]
[WhiteElo "2463"]
[BlackElo "2525"]
[PlyCount "65"]
[GameId "1166650436263936"]
[EventDate "2008.04.04"]
[EventType "k.o. (blitz)"]
[EventRounds "5"]
[EventCountry "ESP"]
[SourceTitle "CBM 123 Extra"]
[Source "ChessBase"]
[SourceDate "2008.05.06"]
[SourceVersion "1"]
[SourceVersionDate "2008.05.06"]
[SourceQuality "1"]

1. c4 Nf6 2. Nc3 e5 3. g3 d5 4. cxd5 Nxd5 5. Bg2 Nb6 6. Nf3 Nc6 7. O-O Be7 8. Rb1 O-O 9. b4 f6 10. b5 Nd4 11. Nxd4 exd4 12. Na4 Be6 13. Bxb7 Rb8 14. Bg2 Bxa2 15. Ra1 Bd5 16. e4 dxe3 17. dxe3 Bc4 18. Nxb6 axb6 19. Qc2 Bxf1 20. Bxf1 Kh8 21. Bb2 Bc5 22. Bd3 g6 23. h4 Qe7 24. h5 g5 25. h6 Rbd8 26. Bf5 Rd5 27. g4 Bd6 28. Ra7 Rxb5 29. Ba3 Ra5 30. Bxd6 Qxd6 31. Rxc7 Rc5 32. Rxh7+ Kg8 33. Be6+ 1-0

[Event "Dos Hermanas Internet f 9th"]
[Site "ICC INT"]
[Date "2008.04.04"]
[Round "1.3"]
[White "Sammour Hasbun, Jorge E"]
[Black "Kovalyov, Anton"]
[Result "1-0"]
[WhiteElo "2463"]
[BlackElo "2525"]
[PlyCount "59"]
[GameId "1166650436395008"]
[EventDate "2008.04.04"]
[EventType "k.o. (blitz)"]
[EventRounds "5"]
[EventCountry "ESP"]
[SourceTitle "CBM 123 Extra"]
[Source "ChessBase"]
[SourceDate "2008.05.06"]
[SourceVersion "1"]
[SourceVersionDate "2008.05.06"]
[SourceQuality "1"]

1. c4 Nf6 2. Nc3 e5 3. g3 d5 4. cxd5 Nxd5 5. Bg2 Nb6 6. Nf3 Nc6 7. O-O Be7 8. Rb1 f6 9. d4 exd4 10. Nb5 O-O 11. Bf4 Nd5 12. Nfxd4 Nxd4 13. Qxd4 Nxf4 14. Qxf4 c6 15. Nc7 Rb8 16. Rfd1 Bd7 17. Ne6 Bxe6 18. Rxd8 Rbxd8 19. Qe3 Kf7 20. Qxa7 Rd7 21. a4 Rfd8 22. h4 Bb4 23. a5 Ke7 24. Qb6 Bd6 25. b4 Bf5 26. Rd1 Be6 27. a6 bxa6 28. Bxc6 Rc7 29. Rxd6 Kxd6 30. Qc5# 1-0

[Event "Salou op 10th"]
[Site "Salou"]
[Date "2008.05.16"]
[Round "9"]
[White "Movsziszian, Karen"]
[Black "Kovalyov, Anton"]
[Result "1/2-1/2"]
[WhiteElo "2536"]
[BlackElo "2525"]
[PlyCount "59"]
[GameId "1166650517381120"]
[EventDate "2008.05.08"]
[EventType "swiss"]
[EventRounds "9"]
[EventCountry "ESP"]
[SourceTitle "CBM 124 Extra"]
[Source "ChessBase"]
[SourceDate "2008.07.03"]
[SourceVersion "1"]
[SourceVersionDate "2008.07.03"]
[SourceQuality "1"]

1. e4 c5 2. d3 Nc6 3. g3 d5 4. Nd2 Nf6 5. Bg2 e5 6. Ngf3 Be7 7. O-O O-O 8. h3 Re8 9. Nh2 dxe4 10. dxe4 Rb8 11. c3 b5 12. Qe2 Qb6 13. Rd1 Rd8 14. Ndf1 Rxd1 15. Qxd1 c4 16. Be3 Bc5 17. Bxc5 Qxc5 18. Ne3 Be6 19. Qe2 Rd8 20. Rd1 Rd6 21. Nhf1 h6 22. Rd2 Rxd2 23. Qxd2 Ne7 24. Qd8+ Kh7 25. a3 Nc6 26. Qd1 Ne7 27. Nc2 Qb6 28. Nfe3 a5 29. Kh2 Bc8 30. Qe2 1/2-1/2

[Event "Lodi op"]
[Site "Lodi"]
[Date "2008.06.13"]
[Round "1"]
[White "Bonade, Massimo"]
[Black "Kovalyov, Anton"]
[Result "0-1"]
[WhiteElo "2135"]
[BlackElo "2525"]
[PlyCount "98"]
[GameId "1166650616004608"]
[EventDate "2008.06.13"]
[EventType "swiss"]
[EventRounds "5"]
[EventCountry "ITA"]
[SourceTitle "CBM 124 Extra"]
[Source "ChessBase"]
[SourceDate "2008.07.03"]
[SourceVersion "1"]
[SourceVersionDate "2008.07.03"]
[SourceQuality "1"]

1. d4 Nf6 2. c4 e6 3. Nc3 Bb4 4. e3 b6 5. Nge2 Bb7 6. a3 Bd6 7. b4 a5 8. c5 Be7 9. Bb2 axb4 10. axb4 Nc6 11. Qb3 Rxa1+ 12. Bxa1 Qa8 13. Bb2 O-O 14. Nf4 bxc5 15. dxc5 d6 16. cxd6 Bxd6 17. Nd3 Ne5 18. Nxe5 Bxe5 19. f4 Bd6 20. Nb5 Ne4 21. Nxd6 cxd6 22. Bd3 Rc8 23. Ke2 Bd5 24. Bxe4 Bxe4 25. Rc1 Rxc1 26. Bxc1 Bxg2 27. b5 Qf3+ 28. Kd2 Qf2+ 29. Kc3 Qe1+ 30. Kb2 Bd5 31. Qc3 Qe2+ 32. Ka3 h6 33. Bb2 f6 34. Kb4 Qxh2 35. b6 Qg2 36. Ka5 Bb7 37. Qd4 Qc6 38. Ba3 d5 39. Qb4 h5 40. Qf8+ Kh7 41. Qf7 Qc3+ 42. Bb4 Qa1+ 43. Kb5 Qa6+ 44. Kc5 Qc4+ 45. Kd6 Qxb4+ 46. Kc7 Ba6 47. Qxh5+ Kg8 48. Qe8+ Qf8 49. Qxe6+ Qf7+ 0-1

[Event "Lodi op"]
[Site "Lodi"]
[Date "2008.06.14"]
[Round "2"]
[White "Kovalyov, Anton"]
[Black "Peredy, Ferenc"]
[Result "1-0"]
[WhiteElo "2525"]
[BlackElo "2268"]
[PlyCount "117"]
[GameId "1166650616127488"]
[EventDate "2008.06.13"]
[EventType "swiss"]
[EventRounds "5"]
[EventCountry "ITA"]
[SourceTitle "CBM 124 Extra"]
[Source "ChessBase"]
[SourceDate "2008.07.03"]
[SourceVersion "1"]
[SourceVersionDate "2008.07.03"]
[SourceQuality "1"]

1. c4 Nf6 2. Nf3 c6 3. e3 d5 4. d4 g6 5. Nbd2 Bg7 6. Be2 O-O 7. O-O Nbd7 8. b3 b6 9. Bb2 Bb7 10. b4 e6 11. a4 a6 12. c5 b5 13. Qc2 Qc7 14. Bc3 Rfb8 15. h3 Ne8 16. e4 dxe4 17. Nxe4 Ndf6 18. Bd2 Nxe4 19. Qxe4 Nf6 20. Qh4 Nd5 21. Bd3 Qe7 22. Qe4 Qf6 23. Ne5 Rd8 24. Ra3 Qe7 25. Rfa1 Qc7 26. f4 Nf6 27. Qe3 Nd5 28. Qf2 Ne7 29. g4 f6 30. Nf3 Nd5 31. Qh2 Bh6 32. g5 fxg5 33. fxg5 Qxh2+ 34. Kxh2 Bg7 35. Re1 Kf7 36. Bb1 Rd7 37. Ba2 Re8 38. Kg3 Bc8 39. Re4 Rdd8 40. axb5 cxb5 41. Bxd5 exd5 42. Rxe8 Rxe8 43. Bf4 Re2 44. Be5 Bxe5+ 45. Nxe5+ Ke7 46. h4 Re4 47. Nf3 Kd8 48. Kf2 Bg4 49. Ne5 Bc8 50. h5 gxh5 51. Rf3 Be6 52. Rf8+ Kc7 53. Rf6 Bg4 54. Rf7+ Kc8 55. Rxh7 Rxd4 56. g6 Be6 57. Re7 Rf4+ 58. Kg3 Rf6 59. g7 1-0

[Event "Lodi op"]
[Site "Lodi"]
[Date "2008.06.14"]
[Round "3"]
[White "Tiviakov, Sergei"]
[Black "Kovalyov, Anton"]
[Result "1/2-1/2"]
[WhiteElo "2635"]
[BlackElo "2525"]
[PlyCount "53"]
[GameId "1166650616221696"]
[EventDate "2008.06.13"]
[EventType "swiss"]
[EventRounds "5"]
[EventCountry "ITA"]
[SourceTitle "CBM 124 Extra"]
[Source "ChessBase"]
[SourceDate "2008.07.03"]
[SourceVersion "1"]
[SourceVersionDate "2008.07.03"]
[SourceQuality "1"]

1. e4 c5 2. Nc3 Nc6 3. Bb5 Nd4 4. Bc4 e6 5. Nge2 Ne7 6. Nxd4 cxd4 7. Ne2 Nc6 8. d3 b5 9. Bb3 a6 10. O-O Be7 11. f4 O-O 12. f5 Na5 13. Nf4 Nxb3 14. axb3 f6 15. Qh5 Bd6 16. Bd2 exf5 17. Qxf5 Be5 18. Ba5 Qe8 19. Nd5 Bb7 20. Nc7 Bxc7 21. Bxc7 Qe6 22. Ba5 Rfe8 23. Rae1 Rac8 24. c4 dxc3 25. Bxc3 Qxf5 26. Rxf5 Re6 27. b4 1/2-1/2

[Event "Lodi op"]
[Site "Lodi"]
[Date "2008.06.15"]
[Round "4"]
[White "Kovalyov, Anton"]
[Black "Bove, Alessandro"]
[Result "1/2-1/2"]
[WhiteElo "2525"]
[BlackElo "2215"]
[PlyCount "95"]
[GameId "1166650616258560"]
[EventDate "2008.06.13"]
[EventType "swiss"]
[EventRounds "5"]
[EventCountry "ITA"]
[SourceTitle "CBM 124 Extra"]
[Source "ChessBase"]
[SourceDate "2008.07.03"]
[SourceVersion "1"]
[SourceVersionDate "2008.07.03"]
[SourceQuality "1"]

1. c4 b6 2. d4 Bb7 3. d5 e6 4. a3 b5 5. dxe6 fxe6 6. cxb5 Nf6 7. Nf3 a6 8. e3 axb5 9. Bxb5 Bd6 10. Nbd2 O-O 11. O-O Ng4 12. h3 Nh2 13. Nxh2 Qg5 14. Nhf3 Qxb5 15. b3 Na6 16. Bb2 Nc5 17. Nd4 Qd3 18. Nc4 Qg6 19. Qg4 Qxg4 20. hxg4 Ba6 21. Rfd1 Bxc4 22. bxc4 Na4 23. Bc1 g5 24. Nf3 h6 25. e4 Nc3 26. Re1 Rfb8 27. Bd2 Na4 28. Reb1 Nb6 29. a4 Rf8 30. e5 Bc5 31. Rb5 d6 32. Ba5 Nxc4 33. Bxc7 Nxe5 34. Nxe5 Bxf2+ 35. Kh1 Bd4 36. Ng6 Bxa1 37. Nxf8 Kxf8 38. Bxd6+ Ke8 39. a5 Bd4 40. Bc5 Bxc5 41. Rxc5 Kd7 42. Kh2 Kd6 43. Rb5 Ra6 44. Kg3 Kc6 45. Re5 Kd6 46. Rb5 Kc6 47. Re5 Kd6 48. Rb5 1/2-1/2

[Event "Sort op 4th"]
[Site "Sort"]
[Date "2008.06.25"]
[Round "2"]
[White "Vilela de Acuna, Jose Luis"]
[Black "Kovalyov, Anton"]
[Result "0-1"]
[WhiteElo "2345"]
[BlackElo "2525"]
[PlyCount "71"]
[GameId "1166650635239424"]
[EventDate "2008.06.24"]
[EventType "swiss"]
[EventRounds "10"]
[EventCountry "ESP"]
[SourceTitle "CBM 125 Extra"]
[Source "ChessBase"]
[SourceDate "2008.09.01"]
[SourceVersion "1"]
[SourceVersionDate "2008.09.01"]
[SourceQuality "1"]

1. d4 Nf6 2. Nf3 e6 3. c4 b6 4. a3 Ba6 5. Qc2 Bb7 6. Nc3 c5 7. e4 cxd4 8. Nxd4 Bc5 9. Nb3 Nc6 10. Bg5 h6 11. Bh4 O-O 12. O-O-O Be7 13. Be2 Re8 14. f4 e5 15. f5 a5 16. Nb5 a4 17. Nd2 Ba6 18. Bxf6 Bxf6 19. Nf3 Bxb5 20. cxb5 Na5 21. Kb1 Nb3 22. Bc4 Rc8 23. Qd3 Nd4 24. Nxd4 exd4 25. Bd5 Qe7 26. Rc1 Qe5 27. g3 h5 28. Rxc8 Rxc8 29. Rc1 Rxc1+ 30. Kxc1 h4 31. Kd1 Kf8 32. Ke2 g6 33. fxg6 fxg6 34. Kf2 Kg7 35. Kg2 Qg5 36. b3 0-1

[Event "Olympiad-38"]
[Site "Dresden"]
[Date "2008.11.25"]
[Round "11"]
[White "Kovalyov, Anton"]
[Black "Gomez, John Paul"]
[Result "1/2-1/2"]
[WhiteElo "2571"]
[BlackElo "2519"]
[PlyCount "80"]
[GameId "1166651283316736"]
[EventDate "2008.11.13"]
[EventType "team-swiss"]
[EventRounds "11"]
[EventCountry "GER"]
[SourceTitle "CBM 128"]
[Source "ChessBase"]
[SourceDate "2009.01.28"]
[SourceVersion "1"]
[SourceVersionDate "2009.01.28"]
[SourceQuality "1"]
[WhiteTeam "Argentina"]
[BlackTeam "Philippines"]
[WhiteTeamCountry "ARG"]
[BlackTeamCountry "PHI"]

1. Nf3 d5 2. d4 c5 3. c4 Nf6 4. cxd5 cxd4 5. Qxd4 Qxd5 6. Nc3 Qa5 7. Ne5 Nc6 8. Nxc6 bxc6 9. g3 Bb7 10. Qa4 Qxa4 11. Nxa4 c5 12. f3 e6 13. e4 Bc6 14. Nc3 Rb8 15. a4 Nd7 16. Bb5 Bxb5 17. axb5 Rb7 18. Ke2 Bd6 19. f4 Ke7 20. Be3 Rc8 21. Rhd1 f6 22. Ra6 Bb8 23. Rc6 Rcc7 24. Rdd6 Rxc6 25. Rxc6 Bd6 26. Kd3 Rb6 27. b4 Rxc6 28. bxc6 cxb4 29. Nb5 Nc5+ 30. Kd4 Nb3+ 31. Kd3 Nc5+ 32. Kc4 Nxe4 33. Bxa7 h5 34. Bb6 h4 35. Ba5 hxg3 36. hxg3 Nxg3 37. c7 Bxc7 38. Bxc7 Nf5 39. Kxb4 g5 40. fxg5 fxg5 1/2-1/2

[Event "Figueira da Foz op 5th"]
[Site "Figueira da Foz"]
[Date "2008.11.30"]
[Round "1"]
[White "Kovalyov, Anton"]
[Black "Babo, Miguel Carranca Fei"]
[Result "1-0"]
[WhiteElo "2571"]
[BlackElo "1963"]
[PlyCount "77"]
[GameId "1166651320987648"]
[EventDate "2008.11.30"]
[EventType "swiss"]
[EventRounds "9"]
[EventCountry "POR"]
[SourceTitle "CBM 127 Extra"]
[Source "ChessBase"]
[SourceDate "2009.01.08"]
[SourceVersion "2"]
[SourceVersionDate "2009.01.28"]
[SourceQuality "1"]

1. c4 c5 2. Nf3 Nc6 3. Nc3 g6 4. e3 Bg7 5. d4 d6 6. Be2 Nf6 7. O-O O-O 8. b3 Bf5 9. Bb2 Ne4 10. Rc1 Nb4 11. Nxe4 Bxe4 12. a3 Nc6 13. Bc3 a5 14. Ng5 Bf5 15. d5 Nb8 16. e4 Bc8 17. f4 h6 18. Nf3 Bg4 19. Nd2 Bxe2 20. Qxe2 b6 21. e5 Qc8 22. Kh1 Na6 23. Ne4 dxe5 24. fxe5 Ra7 25. Rf3 Nb8 26. Rcf1 Qe8 27. e6 f6 28. a4 Na6 29. g4 Nb4 30. Ng3 Ra8 31. h4 Rd8 32. Qe4 Kh8 33. h5 g5 34. Nf5 Na2 35. Ba1 Nb4 36. d6 Rxd6 37. Nxd6 exd6 38. e7 Rf7 39. Rxf6 1-0